| 000 | 01096nam a22002297a 4500 | ||
|---|---|---|---|
| 999 |
_c20515 _d20515 |
||
| 005 | 20191024042408.0 | ||
| 008 | 191024b xxu||||| |||| 00| 0 spa d | ||
| 040 |
_aCO-BoIAVH _cCO-BoIAVH |
||
| 041 | _aspa | ||
| 044 | _ack | ||
| 100 | 1 |
_aFernández Manjarrés, Juan Fernando _eInvestigador principal |
|
| 245 |
_aEstudio comparativo de la diversidad genetica y divergencia evolutiva entre la especie vulnerable Colombobalnus excelsa (Lozano e.t. al.) Nixon y Crepet y el roble común Quercus Humboltii Bonspi.: Implicaciones para la biología de la conservación. _bInforme final. |
||
| 260 |
_aSantiago de Cali: _bUniversidad Nacional de Colombia, _c2003. |
||
| 300 |
_a72 Páginas: _btablas y gráficos, _c27 x 22 cm. |
||
| 500 | _aTesis (Maestría Ciencias) - Universidad Nacional de Colombia | ||
| 650 | 0 | _aDiversidad genética | |
| 650 | 0 | _aBiología de la conservación | |
| 650 | 0 | _aEspecies forestales | |
| 700 |
_aPalacio Mejia, Juan Diego _eCoinvestigador |
||
| 700 |
_aSánchez Baracaldo, Patricia _eCoinvestigador |
||
| 942 |
_2ddc _cINFORME |
||